000 01134nam a2200289 a 4500
001 ebr10521678
003 CaPaEBR
006 m u
007 cr cn|||||||||
008 120109s2011 xx s 000 0 eng d
020 _z9783866531628
020 _z9783866539198 (e-book)
040 _aCaPaEBR
_cCaPaEBR
035 _a(OCoLC)778431925
050 1 4 _aK1005
_b.B68 2011eb
245 0 0 _aBoundaries of commercial and trade law
_h[electronic resource] /
_cedited by Christian Twigg-Flesner, Gonzalo Villalta Puig.
260 _a[S.l.] :
_bSellier European Law Publishers,
_c2011.
300 _aix, 204 p.
533 _aElectronic reproduction.
_bPalo Alto, Calif. :
_cebrary,
_d2012.
_nAvailable via World Wide Web.
_nAccess may be limited to ebrary affiliated libraries.
650 0 _aCommercial law.
650 0 _aTrade regulation.
655 7 _aElectronic books.
_2local
700 1 _aTwigg-Flesner, Christian.
700 1 _aVillalta Puig, Gonzalo.
710 2 _aebrary, Inc.
856 4 0 _uhttp://site.ebrary.com/lib/rucke/Doc?id=10521678
_zAn electronic book accessible through the World Wide Web; click to view
999 _c142254
_d142254